000 00423nam a2200181Ia 4500
001 3387
005 20260306145639.0
008 260306t2009||||xx |||||||||||||| ||spa||
041 _aESP
082 _a271.2
_bC46
100 _aCelso
_eAUT
245 0 _aEl discurso verdadero contra los cristianos
260 _c2009
300 _a194 páginas :
_c17 cm.
650 _aGEN
654 _aCHU
942 _cLIB
_dJUS
_fJUS
_2ddc
_n
999 _c3387
_d3387